Secretarías de Estado de España - Estadísticas

Estadísticas generales
  • Esta prueba ha sido intentada 11 veces
  • La puntuación promedio es 32 de 37
Estadísticas de respuestas
Ministerio Secretaría de Estado % Correcto
Agricultura, Pesca y Alimentación Agricultura y Alimentación
100%
Asuntos Exteriores, Unión Europea y Cooperación Asuntos Exteriores y Globales
100%
Ciencia, Innovación y Universidades Ciencia, Innovación y Universidades
100%
Economía, Comercio y Empresa Comercio
100%
Cultura Cultura
100%
Defensa Defensa
100%
Educación, Formación Profesional y Deportes Deporte
100%
Derechos Sociales, Consumo y Agenda 2030 Derechos Sociales
100%
Economía, Comercio y Empresa Economía y Apoyo a la Empresa
100%
Educación, Formación Profesional y Deportes Educación
100%
Hacienda Hacienda
100%
Igualdad Igualdad y para la Erradicación de la Violencia contra las Mujeres
100%
Industria y Turismo Industria
100%
Juventud e Infancia Juventud e Infancia
100%
Política Territorial y Memoria Democrática Memoria Democrática
100%
Inclusión, Seguridad Social y Migraciones Migraciones
100%
Política Territorial y Memoria Democrática Política Territorial
100%
Presidencia, Justicia y Relaciones con las Cortes Relaciones con las Cortes y Asuntos Constitucionales
100%
Sanidad Sanidad
100%
Interior Seguridad
100%
Inclusión, Seguridad Social y Migraciones Seguridad Social y Pensiones
100%
Trabajo y Economía Social Trabajo
100%
Industria y Turismo Turismo
100%
Asuntos Exteriores, Unión Europea y Cooperación Unión Europea
100%
Vivienda y Agenda Urbana Vivienda y Agenda Urbana
100%
Trabajo y Economía Social Economía Social
80%
Transición Ecológica y Reto Demográfico Energía
80%
Transformación Digital y Función Pública Función Pública
80%
Presidencia, Justicia y Relaciones con las Cortes Justicia
80%
Transportes y Movilidad Sostenible Transportes y Movilidad Sostenible
80%
Presidencia del Gobierno Comunicación
60%
Transición Ecológica y Reto Demográfico Medio Ambiente
60%
Hacienda Presupuestos y Gastos
60%
Asuntos Exteriores, Unión Europea y Cooperación Cooperación Internacional
40%
Asuntos Exteriores, Unión Europea y Cooperación Iberoamérica y el Caribe y el Español en el Mundo
40%
Transformación Digital y Función Pública Digitalización e Inteligencia Artificial
20%
Transformación Digital y Función Pública Telecomunicaciones e Infraestructuras Digitales
20%
No se encontraron pruebas coincidentes
Distribución de puntuación
Porcentaje de gente con cada puntuación
Porcentaje por número respondido
Historial de tus puntuaciones
No has intentado esta prueba.